[Event "ESP-ch"]
[Site "ESP"]
[Date "1990.??.??"]
[Round "7"]
[White "Martin Gonzalez, Angel"]
[Black "Sion Castro, Marcelino"]
[Result "0-1"]
[WhiteElo "2440"]
[BlackElo "2350"]

1.e4 c5 2.Nf3 e6 3.d4 cxd4 4.Nxd4 Nc6 5.Nc3 Qc7 6.Be2 a6 7.O-O Nf6 8.Be3 Bb4
9.Na4 Be7 10.c4 d6 11.Nc3 Ne5 12.Rc1 O-O 13.f4 Ng6 14.Qe1 Bd7 15.Qg3 Kh8
16.f5 Ne5 17.Qh3 Rg8 18.Kh1 g5 19.Qg3 Rac8 20.b4 Nxc4 21.Bxc4 Qxc4 22.e5 dxe5
23.fxe6 exd4 24.exd7 Nxd7 25.Bd2 f6 26.Qg4 Ne5 27.Qf5 dxc3 28.Bxc3 Qg4 29.Qf2 Qe6  0-1

[Event "Espoo"]
[Site "Espoo"]
[Date "1990.??.??"]
[Round "5"]
[White "Ebeling, Mika"]
[Black "Kiik, Kalle"]
[Result "1/2-1/2"]
[WhiteElo "2260"]
[BlackElo "2390"]

1.e4 c5 2.Nf3 e6 3.d4 cxd4 4.Nxd4 Nc6 5.Nc3 d6 6.Be2 Nf6 7.O-O Be7 8.Be3 Bd7
9.f4 Nxd4 10.Bxd4 Bc6 11.Qd3 O-O 12.Qg3 Qc7 13.Rae1 g6 14.f5 e5 15.Be3 b5
16.Bh6 b4 17.Bxf8 Rxf8 18.Nd5 Bxd5 19.exd5 Qxc2 20.Kh1 Kg7 21.Qe3 Nxd5 22.Qxa7 gxf5
23.Bf3 Qc7 24.Qf2 Nf4 25.Rd1 Qd7 26.Qc5 Qa4 27.Qc7 Ng6 28.Bh5 Bf6 29.Rxf5 Nf4
30.Rxf6 Nxh5 31.Rfxd6 Qxa2 32.R6d5 Qxb2 33.Qxe5+ Qxe5 34.Rxe5 Nf6 35.Kg1 Rb8
36.Rb1 Kg6 37.Rc5 Rb6 38.Rc4 Nd5 39.Rd4 Rb5 40.Rb3 Kf5 41.Rh4 Kg6 42.Kf2 f5
43.g3 Rb8 44.Rd4 Rb5 45.Ke2 Kg5 46.Kd3 Rc5 47.Rc4 Ra5 48.Kd4 f4 49.Rc5 Rxc5
50.Kxc5 Nf6 51.Kxb4 fxg3 52.Rxg3+ Kh4 53.Rf3 Ng4 54.h3 Nh2 55.Rf7 h5 56.Rf5 Kxh3
57.Rxh5+ Kg3 58.Kc3 Ng4 59.Kd3 Nf2+ 60.Ke2 Ng4 61.Rf5 Nh6 62.Rf3+ Kg4 63.Kf2 Nf5
64.Ra3 Kf4  1/2-1/2

[Event "FIN-chT"]
[Site "?"]
[Date "1990.??.??"]
[Round "?"]
[White "Raaste, Eero J"]
[Black "Paavilainen, Jorma"]
[Result "1-0"]
[WhiteElo "2380"]
[BlackElo "2280"]

1.e4 c5 2.Nf3 e6 3.d4 cxd4 4.Nxd4 Nc6 5.Nc3 a6 6.g3 d6 7.Bg2 Bd7 8.Nde2 Nf6
9.O-O Be7 10.h3 O-O 11.g4 b5 12.Ng3 Rc8 13.g5 Ne8 14.f4 b4 15.Nce2 d5 16.exd5 exd5
17.Be3 Nd6 18.Qxd5 Be6 19.Qf3 g6 20.b3 Nf5 21.Nxf5 Bxf5 22.Qf2 Qa5 23.Bb6 Qa3
24.Ng3 Qb2 25.Nxf5 gxf5 26.Bd5 Bd6 27.Rad1 Bb8 28.Bc4 Rce8 29.Qg2 Ne7 30.a4 Qg7
31.Bc5 Qg6 32.Rd7 Qc6 33.Qxc6 Nxc6 34.Bxf8 Rxf8 35.Bxa6 Nd4 36.Bc4 Nxc2 37.a5 Ne3
38.Rf3 Nxc4 39.bxc4 Rc8 40.a6  1-0

[Event "Forli op"]
[Site "Forli"]
[Date "1990.??.??"]
[Round "1"]
[White "Tagnon, Nicole"]
[Black "Bretsnajdr, Vladimir"]
[Result "0-1"]
[WhiteElo "2115"]
[BlackElo "2305"]

1.e4 c5 2.Nf3 Nc6 3.d4 cxd4 4.Nxd4 e6 5.Nc3 Qc7 6.Be2 a6 7.O-O Nf6 8.Kh1 Be7
9.f4 d6 10.Bf3 O-O 11.g4 Re8 12.g5 Nd7 13.Nde2 b5 14.Ng3 Bf8 15.Nh5 b4 16.Ne2 Bb7
17.Qe1 d5 18.exd5 exd5 19.Qg3 g6 20.Nf6+ Nxf6 21.gxf6 Qd8 22.f5 Qxf6 23.fxg6 hxg6
24.Bg5 Qe5 25.Bf4 Qg7 26.Rad1 Rad8 27.Bg5 Rd6 28.Qg2 Ne5 29.Bxd5 Rxd5 30.Rxd5 Nc4
31.Kg1 Nb6 32.Bf6 Qh7 33.Nf4 Nxd5 34.Nxd5 Bc5+ 35.Kh1 Bd6 36.h3 Bxd5  0-1

[Event "Forli op"]
[Site "Forli"]
[Date "1990.??.??"]
[Round "2"]
[White "Tatai, Stefano"]
[Black "Drei, Andrea"]
[Result "1-0"]
[WhiteElo "2405"]
[BlackElo "2245"]

1.e4 c5 2.Nf3 e6 3.d4 cxd4 4.Nxd4 Nc6 5.Nc3 Qc7 6.g3 a6 7.Bg2 Nf6 8.O-O Be7
9.Re1 Nxd4 10.Qxd4 Bc5 11.Qd1 d6 12.Be3 Bd7 13.Bxc5 Qxc5 14.Re3 Rd8 15.Rd3 Bc6
16.Rb1 e5 17.b4 Qc4 18.Qe1 O-O 19.a4 b6 20.Bf1 Qe6 21.Rbd1 Ne8 22.Qe3 Rb8
23.R3d2 Qd7 24.Bxa6 f5 25.exf5 Qxf5 26.Bc4+ Kh8 27.Bd5 Rc8 28.Qxb6 Bxd5 29.Nxd5 Rxc2
30.Qe3 Qc8 31.a5 Qc6 32.Rxc2 Qxc2 33.Qd2 Qc4 34.Qd3 Qa2 35.Rd2 Qa1+ 36.Kg2 Qa4
37.Qc4 Qd7 38.b5 Qf5 39.Qe2 e4 40.b6  1-0

[Event "FRA"]
[Site "?"]
[Date "1990.??.??"]
[Round "?"]
[White "Daillet, Emmanuel"]
[Black "Lautier, Joel"]
[Result "0-1"]
[WhiteElo "2305"]
[BlackElo "2500"]

1.e4 c5 2.Nc3 e6 3.Nf3 Nc6 4.d4 cxd4 5.Nxd4 Qc7 6.Be2 a6 7.O-O Nf6 8.Kh1 Nxd4
9.Qxd4 Bc5 10.Qd3 h5 11.f4 Ng4 12.Qg3 b5 13.e5 Bb7 14.Bf3 Rc8 15.Ne4 Bxe4
16.Bxe4 g6 17.Bd2 Qb6 18.Be1 Ne3 19.Rf3 h4 20.Qh3 Nf5 21.c3 d5 22.exd6 Qxd6
23.b4 Bb6 24.Bd3 Qd5 25.a4 Kf8 26.axb5 axb5 27.Be2 Kg7 28.Rd1 Qc6 29.Rfd3 Ba7
30.c4 Qxc4 31.Bc3+ Bd4 32.Rxd4 Qxc3 33.Qxc3 Rxc3 34.Re4 Rb8 35.Rb1 Kf6 36.Kg1 Ne3
37.Rd4 Nd5 38.Kf2 Ke7 39.Rb2 Kd6 40.Ra2 Rb3 41.Ra6+ Ke7 42.Ra5 Rb2 43.Kf3 Rc8
44.Ra3 Rcc2  0-1

[Event "FRA-chT"]
[Site "FRA"]
[Date "1990.??.??"]
[Round "?"]
[White "Ehlvest, Jaan"]
[Black "Illescas Cordoba, Miguel"]
[Result "1/2-1/2"]
[WhiteElo "2620"]
[BlackElo "2530"]

1.e4 c5 2.Nf3 e6 3.d4 cxd4 4.Nxd4 Nc6 5.Nc3 Qc7 6.Be2 a6 7.O-O Nf6 8.Be3 Bb4
9.Na4 O-O 10.Nxc6 bxc6 11.Nb6 Rb8 12.Nxc8 Rfxc8 13.Bxa6 Rf8 14.Bd3 Bd6 15.f4 e5
16.f5 Rxb2 17.g4 Qa5 18.g5 Ne8 19.Kh1 Bc5 20.Bd2 Bb4 21.Bc1 Rxa2 22.Bb2 Rxa1
23.Qxa1 d6 24.c3 Qxa1 25.Rxa1 Bc5 26.Ra6 h6 27.Bc1 hxg5 28.Bxg5 Nf6 29.Bxf6  1/2-1/2

[Event "Frankfurt"]
[Site "Frankfurt"]
[Date "1990.??.??"]
[Round "?"]
[White "Zude, Arno"]
[Black "Horvath, Tamas"]
[Result "1/2-1/2"]
[WhiteElo "2325"]
[BlackElo "2415"]

1.e4 c5 2.Nf3 Nc6 3.d4 cxd4 4.Nxd4 e6 5.Nc3 Qc7 6.f4 a6 7.Be3 b5 8.Be2 Bb7
9.Bf3 Na5 10.Qd3 Nc4 11.O-O-O Rc8 12.Kb1 Bb4 13.Bc1 Na3+ 14.bxa3 Bxc3 15.Ne2 b4
16.axb4 Bxb4 17.Bb2 Nf6 18.Rc1 O-O 19.c4 Rfd8 20.Rhd1 Be7 21.Ng3 d6 22.Nh5 Rb8
23.Ka1 Bxe4 24.Bxe4 Nxh5 25.Bxh7+ Kf8 26.g3 Rxb2 27.Kxb2 Bf6+ 28.Kc2 g6 29.Bxg6 fxg6
30.Qxg6 Qc5 31.Kd3 Rb8 32.Rb1 Rc8 33.Rdc1 Qd4+ 34.Ke2 Ng7 35.Rb7 Kg8 36.Rxg7+ Bxg7
37.Qxe6+ Kh7 38.Qh3+ Kg6 39.Qg4+ Kf7 40.Qd7+ Kg6 41.Qg4+  1/2-1/2

[Event "Troll Masters"]
[Site "Gausdal"]
[Date "1990.??.??"]
[Round "2"]
[White "Hjelm, Niclas"]
[Black "Haugli, Petter"]
[Result "0-1"]
[WhiteElo "2340"]
[BlackElo "2395"]

1.e4 c5 2.Nf3 e6 3.d4 cxd4 4.Nxd4 Nc6 5.Nc3 Qc7 6.f4 a6 7.Be3 d6 8.Be2 Nf6
9.O-O Be7 10.Kh1 O-O 11.Qe1 Bd7 12.Qg3 Nxd4 13.Bxd4 Bc6 14.Rae1 b5 15.a3 Qb7
16.Bd3 g6 17.f5 e5 18.Be3 Nh5 19.Qg4 Bf6 20.Rf3 Qe7 21.Ref1 Rfe8 22.Nd1 Rac8
23.Nf2 Bd7 24.Qh3 Bg5 25.Ng4 Nf4 26.Bxf4 exf4 27.Nf2 Kg7 28.Nd1 Rc5 29.Nc3 Bc6
30.R3f2 Re5 31.Qg4 h5 32.Qd1 Bh6 33.Re1 Qh4 34.Ref1 g5 35.Rf3 g4 36.Rxf4 Bxf4
37.Rxf4 d5 38.Qe2 Qg5 39.Qf1 dxe4 40.Be2 e3  0-1

[Event "Peer Gynt"]
[Site "Gausdal"]
[Date "1990.??.??"]
[Round "4"]
[White "Jansa, Vlastimil"]
[Black "Schmittdiel, Eckhard"]
[Result "1-0"]
[WhiteElo "2455"]
[BlackElo "2505"]

1.e4 c5 2.Nf3 e6 3.Nc3 Nc6 4.d4 cxd4 5.Nxd4 Nf6 6.Ndb5 d6 7.Bf4 e5 8.Bg5 a6
9.Na3 b5 10.Bxf6 gxf6 11.Nd5 Bg7 12.c3 f5 13.exf5 Bxf5 14.Nc2 Be6 15.Nce3 Ne7
16.g3 Nxd5 17.Nxd5 O-O 18.Bg2 Rb8 19.O-O f5 20.Nb4 Rb6 21.Bd5 Qd7 22.a4 a5
23.Bxe6+ Qxe6 24.Nd5 Rb7 25.axb5 f4 26.c4 Rbf7 27.Qh5 e4 28.gxf4 Bxb2 29.Rxa5 Kh8
30.Kh1 Rg7 31.Ne3 Bd4 32.f5 Qe5 33.Ra3 Rfg8 34.Qh6 Rg5 35.Ra8 Qf4 36.Rxg8+ Kxg8
37.Qxg5+ Qxg5 38.Rg1 Qxg1+ 39.Kxg1  1-0

[Event "Peer Gynt"]
[Site "Gausdal"]
[Date "1990.??.??"]
[Round "4"]
[White "Nielsen, Uffe V"]
[Black "Stefansson, Hannes"]
[Result "1/2-1/2"]
[WhiteElo "2300"]
[BlackElo "2420"]

1.e4 c5 2.Nf3 e6 3.d4 cxd4 4.Nxd4 Nc6 5.Nc3 Qc7 6.Be3 a6 7.f4 b5 8.Nxc6 Qxc6
9.Bd3 Nf6 10.e5 b4 11.Nb1 Nd5 12.Be4 Bb7 13.Qf3 Qc7 14.Nd2 Be7 15.O-O-O a5
16.Bd4 a4 17.f5 a3 18.b3 Bg5 19.h4 Bf4 20.Bxd5 Bxd2+ 21.Rxd2 Bxd5 22.Qg3 exf5
23.Qxg7 O-O-O 24.Qf6 Be6 25.Qe7 Qa5 26.Qc5+ Qxc5 27.Bxc5 Kb7 28.Bxb4 Ra8
29.Rf1 Rhg8 30.Rf4 Rg3 31.Bd6 Kc6 32.Rfd4 Rag8 33.Bxa3 Rxg2 34.Be7 Rxd2 35.Kxd2 Rg2+
36.Kc3 Re2 37.Bf6 Bd5 38.Rd2 Re3+ 39.Kb4 f4 40.c4 Be6 41.Bg5 Rxe5 42.Bxf4 Re4
43.Rd6+ Kb7 44.Bg5 f5 45.Kc5 h6 46.Bf6 f4 47.Rd4 Re2 48.Rxf4 Rxa2 49.b4 Rc2
50.Be5 h5 51.b5 Rc1 52.Kb4 Rg1 53.Ka5 Rg4 54.Rf8 Rg8 55.Rf6  1/2-1/2

[Event "Bundesliga 8990"]
[Site "Germany"]
[Date "1990.??.??"]
[Round "?"]
[White "Huebner, Robert"]
[Black "Tal, Mihail"]
[Result "1/2-1/2"]
[WhiteElo "2605"]
[BlackElo "2585"]

1.e4 c5 2.Nf3 Nc6 3.d4 cxd4 4.Nxd4 e6 5.Nc3 Qc7 6.g3 a6 7.Bg2 Nf6 8.O-O Be7
9.Re1 O-O 10.Nxc6 dxc6 11.e5 Rd8 12.Qf3 Nd5 13.h4 Nxc3 14.Qxc3 Bd7 15.Bg5 Be8
16.Rad1 Rxd1 17.Rxd1 Bf8 18.Be4 c5 19.b3 Rc8 20.a4  1/2-1/2

[Event "Bundesliga 8990"]
[Site "Germany"]
[Date "1990.??.??"]
[Round "?"]
[White "Hausner, Ivan"]
[Black "Fries Nielsen, Jens Ove"]
[Result "1-0"]
[WhiteElo "2440"]
[BlackElo "2400"]

1.e4 c5 2.Nc3 e6 3.Nge2 Nc6 4.d4 cxd4 5.Nxd4 Qc7 6.Be3 a6 7.Bd3 Nf6 8.O-O Bd6
9.h3 h5 10.Nde2 Be7 11.f4 d6 12.Qe1 b5 13.Qf2 Bb7 14.a4 b4 15.Nb1 Nb8 16.Nd2 Nbd7
17.c3 Nc5 18.Bxc5 dxc5 19.e5 Rd8 20.exf6 Rxd3 21.Nc1 Rxd2 22.fxg7 Rg8 23.Qxd2 Rxg7
24.Rf2 Bh4 25.Re2 Bf3 26.Nd3 Bxe2 27.Qxe2 bxc3 28.bxc3 Bf6 29.Ne5 Bxe5 30.fxe5 Qb7
31.Rd1 Rg3 32.Rd6 a5 33.Qd2 Ke7 34.Qf4 Rg6 35.Rd2 Qc7 36.Qh4+ Kf8 37.Qxh5 Kg7
38.Rf2 Qd7 39.Qf3 Qc7 40.Qf4 Kg8 41.h4 Rg7 42.h5 Qe7 43.h6 Rg6 44.Rf3 Qd7
45.h7+ Kxh7 46.Qxf7+ Qxf7 47.Rxf7+ Kg8 48.Ra7 Rg3 49.Rxa5 Rxc3 50.Ra7 Re3
51.a5 Rxe5 52.Rc7 Re1+ 53.Kf2 Ra1 54.Rxc5 Ra3 55.g4 Kf7 56.g5 Ke7 57.Rb5 Kf7
58.Ke2 Ke7 59.Kd2 Kd6 60.Kc2 Kc6 61.Kb2 Ra4 62.Re5 Kd6 63.Kb3 Ra1 64.Rb5 Rb1+
65.Kc4 Rc1+ 66.Kd4 Rg1 67.Ke4 Rg4+ 68.Kf3 Ra4 69.Rb6+ Ke7 70.Rb7+ Kf8 71.Ra7 e5
72.a6 Kg8 73.g6 Rf4+ 74.Ke3 Rg4 75.Kd3 Rd4+ 76.Kc3 Rd6 77.Kc4 e4 78.Kb5 Re6
79.Rb7  1-0

[Event "Bundesliga 8990"]
[Site "Germany"]
[Date "1990.??.??"]
[Round "?"]
[White "Zuse, Klaus Peter"]
[Black "Roese, Oliver"]
[Result "1/2-1/2"]
[WhiteElo "2305"]
[BlackElo "2345"]

1.e4 c5 2.Nf3 Nc6 3.d4 cxd4 4.Nxd4 e6 5.Nc3 Qc7 6.Be2 a6 7.O-O Nf6 8.Be3 Be7
9.f4 d6 10.Kh1 O-O 11.Qe1 Nxd4 12.Bxd4 b5 13.a3 Bb7 14.Qg3 Bc6 15.Rae1 Qb7
16.Bd3 Rad8 17.Qh3 Nd7 18.e5 g6 19.exd6 Bf6 20.Be5 Bg7 21.Ne4 Bxe4 22.Bxe4 Qb6
23.Bxg7 Kxg7 24.Qc3+ Kg8 25.Qc7 Qxc7 26.dxc7 Rc8 27.c3 Rxc7 28.Rd1 Nb6 29.Rd6 Nc4
30.Rxa6 Nxb2 31.Bc6 Nd3 32.Bxb5 Rxc3 33.a4 Rb8 34.h3 Ra3 35.Bxd3 Rxd3 36.Ra1 Rb2
37.a5 Rg3 38.Rb6 Re2 39.a6 Rgxg2 40.a7  1/2-1/2

[Event "Bundesliga 8990"]
[Site "Germany"]
[Date "1990.??.??"]
[Round "?"]
[White "Sievers, Stefan"]
[Black "Zuse, Klaus Peter"]
[Result "1-0"]
[WhiteElo "2255"]
[BlackElo "2305"]

1.e4 c5 2.Nf3 e6 3.d4 cxd4 4.Nxd4 Nc6 5.Nc3 a6 6.f4 Nge7 7.Be2 Nxd4 8.Qxd4 Nc6
9.Qf2 d5 10.exd5 exd5 11.O-O d4 12.Ne4 Bf5 13.Bf3 Be7 14.Ng3 Bd7 15.f5 O-O
16.Nh5 Bh4 17.Qd2 f6 18.Qf4 Bg5 19.Qg3 Be8 20.Nf4 Qd6 21.Ne6 Qxg3 22.hxg3 Bxc1
23.Raxc1 Rf7 24.Rcd1 Rc8 25.Nxd4 Nxd4 26.Rxd4 Re7 27.c3 Rc5 28.g4 Kf8 29.Rfd1 b5
30.Rd8 a5 31.Ra8 b4 32.cxb4 axb4 33.Rdd8 g6 34.fxg6 hxg6 35.Rab8 Rc4 36.b3 Rc2
37.Rxb4 Kg7 38.Re4 Rxe4 39.Bxe4 Rc1+ 40.Kf2 Bf7 41.Ra8 Kh6 42.Ra7 Bg8 43.Kg3 Rc3+
44.Bf3 Rc2 45.b4 Rb2 46.a3 Rb3 47.Kf4 Bc4 48.Bc6 Bd3 49.Bf3 g5+ 50.Ke3 f5
51.Kd4 fxg4 52.Bd5  1-0

[Event "Bundesliga 8990"]
[Site "Germany"]
[Date "1990.??.??"]
[Round "?"]
[White "Reeh, Oliver"]
[Black "Roese, Oliver"]
[Result "1-0"]
[WhiteElo "2425"]
[BlackElo "2345"]

1.e4 c5 2.Nf3 Nc6 3.d4 cxd4 4.Nxd4 e6 5.Nc3 Qc7 6.f4 a6 7.Nxc6 Qxc6 8.Bd3 Nf6
9.Qe2 d6 10.O-O Be7 11.Kh1 Nd7 12.Bd2 Nc5 13.b4 Nxd3 14.cxd3 b5 15.Rac1 Qb7
16.d4 Bd7 17.f5 Qb6 18.fxe6 Bxe6 19.Nd5 Bxd5 20.exd5 Qd8 21.Rfe1 h6 22.Bf4 Kf8
23.Rc6 g5 24.Bg3 h5 25.Qf3 Rh6 26.Re6 Rh7 27.Rxe7  1-0

[Event "Bundesliga 8990"]
[Site "Germany"]
[Date "1990.??.??"]
[Round "?"]
[White "Mueller, Karsten"]
[Black "Roese, Oliver"]
[Result "1/2-1/2"]
[WhiteElo "2365"]
[BlackElo "2345"]

1.e4 c5 2.Nf3 e6 3.d4 cxd4 4.Nxd4 Nc6 5.Nc3 Qc7 6.Be3 a6 7.Qd2 Nf6 8.f3 Nxd4
9.Bxd4 e5 10.Bf2 Bb4 11.O-O-O d6 12.Be1 Be6 13.a3 Bxc3 14.Qxc3 Qxc3 15.Bxc3 Ke7
16.Bb4 Rhd8 17.Rd2 Rac8 18.Be2 Bc4 19.Bxc4 Rxc4 20.Rhd1 Ne8 21.g3 Rc6 22.f4 f6
23.b3 Nc7 24.f5 b6 25.a4  1/2-1/2

[Event "Bundesliga 8990"]
[Site "Germany"]
[Date "1990.??.??"]
[Round "?"]
[White "Maxion, Dirk"]
[Black "Roese, Oliver"]
[Result "1/2-1/2"]
[WhiteElo "2210"]
[BlackElo "2345"]

1.e4 c5 2.Nf3 Nc6 3.d4 cxd4 4.Nxd4 e6 5.Nc3 Qc7 6.Be2 a6 7.O-O Nf6 8.Be3 Be7
9.f4 d6 10.Kh1 O-O 11.a4 Bd7 12.Nb3 b6 13.Bf3 Rab8 14.Qe2 Na5 15.Nd2 Bc8
16.g4 Re8 17.g5 Nd7 18.Bg2 Bf8 19.Rf3 Bb7 20.Rh3 g6 21.Qf2 Bg7 22.Rf1 Nc4
23.Nxc4 Qxc4 24.Qh4 Nf8 25.Bxb6 Qb4 26.a5 Qxb2 27.Nd1 Qb4 28.Rb3 Qa4 29.Bc7 Nd7
30.Bxb8 Rxb8 31.Qe1 Nc5 32.Rb6 Rd8 33.Nf2 Qxc2 34.Qb1 Qxb1 35.Rfxb1 Bd4 36.Ng4 Bxe4
37.Bxe4 Nxe4 38.Rb8 Rxb8 39.Rxb8+ Kg7 40.Kg2 Bc3 41.Nh6 Nf6 42.gxf6+ Kxh6
43.Rf8 Bxf6 44.Rxf7 Bc3 45.Ra7 Bxa5 46.Rxa6 Bb4 47.Rb6 Bc5 48.Rb7 e5 49.Kf3 exf4  1/2-1/2

[Event "BL2-N8990"]
[Site "Germany"]
[Date "1990.??.??"]
[Round "?"]
[White "Schruefer, Guenther"]
[Black "Herrmann, M."]
[Result "1/2-1/2"]
[WhiteElo "2205"]
[BlackElo "2265"]

1.e4 c5 2.Nf3 e6 3.d4 cxd4 4.Nxd4 Nc6 5.Nc3 a6 6.g3 Qc7 7.Bg2 Nf6 8.O-O Nxd4
9.Qxd4 Bc5 10.Qd1 h6 11.Qe2 d6 12.Rd1 O-O 13.Bf4 e5 14.Be3 Bg4 15.Bf3 Be6
16.Bxc5 Qxc5 17.Nd5 Nxd5 18.exd5 Bf5 19.c3 Rae8 20.Qe3 Qb5 21.b4 Bg6 22.Be2 Qa4
23.Qb6 Qd7 24.c4 Bc2 25.Rd2 Ba4 26.Rc1 f5 27.c5 Qd8 28.Qxd6 Qxd6 29.cxd6 Rd8
30.Rc7 Rxd6 31.Rxb7 Rc8 32.Ra7 Rc1+ 33.Kg2 Bc6 34.Rxa6 Bxd5+ 35.Rxd5 Rxd5
36.Bh5 Rd8 37.b5 Rb1 38.a4 Rb2 39.Bg6 Rf8 40.b6 f4 41.Be4 f3+ 42.Bxf3 e4
43.Bxe4 Rfxf2+ 44.Kh3 Rxh2+ 45.Kg4 Rb4 46.Kf3 Kf7 47.a5 g5 48.Ra7+ Ke6 49.Rc7 Ra2
50.Rc6+ Ke5 51.Rc5+ Kf6 52.b7 h5 53.Rf5+ Ke6 54.Rf8 Rb3+ 55.Bd3 Rxd3+ 56.Ke4 Rb3
57.Re8+ Kf6 58.Rf8+ Ke6 59.Re8+ Kf7 60.b8=Q Ra4+ 61.Ke5 Rxb8 62.Rxb8 Rxa5+
63.Ke4 Ra3 64.Rb7+ Ke6 65.Rb6+ Kd7 66.Rb7+ Kd6 67.Rb6+ Kc5 68.Rh6 Rxg3 69.Rxh5  1/2-1/2

[Event "Bundesliga 8990"]
[Site "Germany"]
[Date "1990.??.??"]
[Round "?"]
[White "Fries Nielsen, Jens Ove"]
[Black "Rajkovic, Dusan"]
[Result "1/2-1/2"]
[WhiteElo "2400"]
[BlackElo "2460"]

1.e4 c5 2.Nf3 e6 3.d4 cxd4 4.Nxd4 Nc6 5.Nc3 Qc7 6.g3 a6 7.Bg2 d6 8.O-O Bd7
9.Nxc6 Bxc6 10.a4 Nf6 11.a5 b5 12.axb6 Qxb6 13.Qd3 Be7 14.Be3 Qb7 15.Ra3 Ng4
16.Rb3 Qc8 17.Bd2 O-O 18.Qe2 Ne5 19.Ra1  1/2-1/2

[Event "Gistrup"]
[Site "Gistrup"]
[Date "1990.??.??"]
[Round "7"]
[White "Kristensen, Bjarke"]
[Black "Griffin, Douglas"]
[Result "1-0"]
[WhiteElo "2375"]
[BlackElo "2280"]

1.e4 c5 2.Nf3 e6 3.Nc3 Nc6 4.d4 cxd4 5.Nxd4 Qc7 6.f4 a6 7.Nf3 b5 8.Bd3 Bc5
9.Qe2 Nd4 10.Nxd4 Bxd4 11.Bd2 Bb7 12.Bxb5 axb5 13.Nxb5 Qxc2 14.Rc1 Qxb2 15.Qd3 Ra4
16.Rb1 Qxa2 17.Nd6+ Ke7 18.Rxb7 Qa1+ 19.Rb1 Qxb1+ 20.Qxb1 Ra1 21.Qxa1 Bxa1
22.Bb4 Nf6 23.Ke2 Ra8 24.Kd3 Ra2 25.Rc1 e5 26.Nf5+  1-0

[Event "SWE-ch"]
[Site "Gothenburg"]
[Date "1990.??.??"]
[Round "?"]
[White "Johansson, Jan"]
[Black "Lundin, Anders"]
[Result "1-0"]
[WhiteElo "2465"]
[BlackElo "2265"]

1.e4 c5 2.Nf3 e6 3.d4 cxd4 4.Nxd4 Nc6 5.Nc3 d6 6.g3 Nf6 7.Bg2 Be7 8.O-O Bd7
9.Be3 O-O 10.Qe2 Ne5 11.Rad1 Rc8 12.Bc1 Qa5 13.f4 Nc4 14.Nb3 Qc7 15.g4 b5
16.g5 Ne8 17.Qh5 g6 18.Qh6 f5 19.Nd4 Rf7 20.exf5 Bf8 21.fxe6 Bxh6 22.exf7+ Kxf7
23.gxh6 Nf6 24.f5 gxf5 25.Nxf5 Qc5+ 26.Nd4 Rg8 27.Rxf6+ Kxf6 28.Ne4+ Ke5
29.Nxc5 Bh3 30.Nd3+  1-0

[Event "SWE-ch"]
[Site "Gothenburg"]
[Date "1990.??.??"]
[Round "?"]
[White "Schneider, Lars Ake"]
[Black "Lundin, Anders"]
[Result "1-0"]
[WhiteElo "2415"]
[BlackElo "2265"]

1.e4 c5 2.Nf3 e6 3.d4 cxd4 4.Nxd4 Nc6 5.Nc3 d6 6.f4 Nf6 7.Nf3 Be7 8.Bd3 a6
9.O-O Qc7 10.Kh1 b5 11.e5 dxe5 12.fxe5 Nd7 13.Bf4 Nc5 14.Ne4 Nxe4 15.Bxe4 Bb7
16.Qe1 Rd8 17.Qg3 g6 18.Rae1 Nd4 19.Nxd4 Rxd4 20.Bxb7 Qxb7 21.Qf2 Rd5 22.Bh6 Bf8
23.Qf6 Rg8 24.Bxf8 Rxf8 25.Rd1 Qd7 26.Rxd5 Qxd5 27.h3 Qd8 28.Qf3 Qc8 29.Rd1 Rg8
30.Rd6 Kf8 31.Qf6 Ke8 32.Qg5 h5 33.c3 Rf8 34.Qf6 Rg8 35.a4 bxa4 36.Qf4 a3
37.Qa4+ Kf8 38.Qxa3 Kg7 39.Qxa6 Qc5 40.Qe2 Rb8 41.Rd7 Qc6 42.Rd3 Ra8 43.Qf2 Qe4
44.Qf6+ Kg8 45.Rd7 Rf8 46.Kh2 Qe3 47.h4 Qe4 48.Rc7 Qe3 49.b4 Qb6 50.Rc4 Rd8
51.Qf4 Qb7 52.Rc5 Ra8 53.Qf3 Qb8 54.b5 Qd8 55.Qf4 Ra2 56.Rc6  1-0

[Event "Groningen"]
[Site "Groningen"]
[Date "1990.??.??"]
[Round "?"]
[White "Fedorowicz, John P"]
[Black "Brenninkmeijer, Joris"]
[Result "1/2-1/2"]
[WhiteElo "2565"]
[BlackElo "2510"]

1.e4 c5 2.Nf3 e6 3.d4 cxd4 4.Nxd4 Nc6 5.Nc3 Qc7 6.g3 d6 7.Bg2 a6 8.O-O Bd7
9.Re1 Be7 10.Nxc6 Bxc6 11.Qg4 h5 12.Qe2 Nf6 13.a4 Nd7 14.Nd5 Bxd5 15.exd5 e5
16.a5 Rc8 17.Be3 Qc4 18.Qd1 f5 19.c3 Nc5 20.Bf1 Qg4 21.f3 Qg6 22.b4 Nd7 23.Bg2 h4
24.Bf2 hxg3 25.hxg3 Nf6 26.c4 Rxc4 27.Qb3 Rc8 28.b5 Nh5 29.bxa6 bxa6 30.f4 e4
31.Rac1 Rxc1 32.Rxc1 O-O 33.Rc6 Bh4 34.Kh2 Bd8 35.Rxa6 Qh6 36.Kg1 g5 37.fxg5 Qxg5
38.Rxd6 Bxa5 39.Re6 Bd8 40.d6 Kh8 41.d7 Nf6 42.Qb5 Qh5 43.Qc6 Qd1+ 44.Bf1 f4
45.Re8 Kg7 46.Rxf8  1/2-1/2

[Event "Groningen op"]
[Site "Groningen"]
[Date "1990.??.??"]
[Round "3"]
[White "Hernandez, Gilberto"]
[Black "Van de Oudeweetering, Arthur"]
[Result "1/2-1/2"]
[WhiteElo "2530"]
[BlackElo "2345"]

1.e4 c5 2.Nf3 e6 3.Nc3 Nc6 4.d4 cxd4 5.Nxd4 Nf6 6.g3 Bb4 7.Bg2 d5 8.exd5 Nxd5
9.Nxc6 bxc6 10.O-O O-O 11.a3 Bxc3 12.bxc3 Ba6 13.Re1 Nxc3 14.Qf3 Qf6 15.Qxf6 gxf6
16.Bb2 Nd5 17.Rac1 Rfb8 18.Ba1 f5 19.c4 Ne7 20.Bf6 Kf8 21.Re3 Rb7 22.Be5 Rd8
23.h4 Rbd7 24.c5 Rd1+ 25.Re1 Rxe1+ 26.Rxe1 Rd7 27.a4 Ke8 28.Bd6 Rb7 29.Rc1  1/2-1/2

[Event "Groningen op"]
[Site "Groningen"]
[Date "1990.??.??"]
[Round "4"]
[White "Smirin, Ilia"]
[Black "Los, Sander"]
[Result "0-1"]
[WhiteElo "2555"]
[BlackElo "2355"]

1.e4 c5 2.Nf3 e6 3.Nc3 Nc6 4.d4 cxd4 5.Nxd4 a6 6.g3 Qc7 7.Bg2 Nf6 8.O-O d6
9.Nb3 Be7 10.f4 O-O 11.g4 b5 12.g5 Nd7 13.f5 Re8 14.Kh1 Bf8 15.Ne2 Nce5 16.Nf4 Bb7
17.fxe6 fxe6 18.Nd4 Nc5 19.Qe1 b4 20.b3 g6 21.Bb2 Bg7 22.Rd1 Nf7 23.Qxb4 e5
24.Nh5 gxh5 25.Nf5 Rad8 26.h4 a5 27.Qd2 Bc6 28.Qe2 Qb7 29.Rde1 Nh8 30.Qxh5 Ng6
31.Qg4 Rd7 32.h5 Nf4 33.Rxf4 exf4 34.Bxg7 Rxg7 35.Nxd6 Qb4 36.Rf1 Nxe4 37.Nxe8 Ng3+
38.Kg1 Bxe8 39.Qc8 Qd4+ 40.Rf2 Qe5 41.Bd5+ Kh8 42.Qc5 Rd7 43.Qxa5 Ne4  0-1

[Event "Groningen op"]
[Site "Groningen"]
[Date "1990.??.??"]
[Round "5"]
[White "Svidler, Peter"]
[Black "Zamansky, L."]
[Result "1/2-1/2"]
[WhiteElo "2430"]
[BlackElo "2320"]

1.e4 c5 2.Nf3 e6 3.Nc3 Nc6 4.d4 cxd4 5.Nxd4 d6 6.g3 Nf6 7.Bg2 Bd7 8.O-O Be7
9.Be3 O-O 10.Re1 Nxd4 11.Bxd4 Bc6 12.a4 e5 13.Be3 b6 14.Qe2 Qc7 15.Red1 Rfd8
16.Rd2 h6 17.f4 Qb7 18.Nd5 Bxd5 19.exd5 exf4 20.Bxf4 Re8 21.Rf1 a6 22.Be3 Bd8
23.Kh1 b5 24.Qf3 bxa4 25.Bd4 Qe7 26.Rdf2 Rb8 27.c3 Qd7 28.Qd3 Qb5 29.Qf5 Qd7
30.Qxd7 Nxd7 31.Bxg7 Kxg7 32.Rxf7+ Kg8 33.Rxd7 Rxb2 34.Bh3 a3 35.Be6+ Kh8
36.Rxd6  1/2-1/2

[Event "Groningen op"]
[Site "Groningen"]
[Date "1990.??.??"]
[Round "9"]
[White "Luther, Thomas"]
[Black "Stone, Raymond"]
[Result "1-0"]
[WhiteElo "2385"]
[BlackElo "2330"]

1.e4 c5 2.Nf3 Nc6 3.d4 cxd4 4.Nxd4 e6 5.Nc3 Qc7 6.Be2 a6 7.Be3 Nf6 8.O-O Bb4
9.Na4 O-O 10.Nxc6 bxc6 11.Nb6 Rb8 12.Nxc8 Rfxc8 13.Bxa6 Rf8 14.Bd3 Bd6 15.f4 e5
16.f5 Rxb2 17.g4 Qa5 18.Kh1 Bc5 19.Bc1 Rxa2 20.Rxa2 Qxa2 21.g5 Ne8 22.Qh5 d5
23.f6 g6 24.Qh6 dxe4 25.Bxe4 Qc4 26.Bg2 Qe2 27.Qh4 Nc7 28.Qe4 Qxe4 29.Bxe4 Nd5
30.Bb2 Be3 31.h4 h6 32.h5 Bxg5 33.hxg6 Bf4 34.Ba3 Ra8 35.Be7 Re8 36.Bf5 fxg6
37.Be6+  1-0

[Event "Guernsey op"]
[Site "Guernsey"]
[Date "1990.??.??"]
[Round "?"]
[White "Hebden, Mark"]
[Black "Martin, Andrew D"]
[Result "1-0"]
[WhiteElo "2520"]
[BlackElo "2415"]

1.e4 c5 2.Nc3 Nc6 3.Nf3 e6 4.d4 cxd4 5.Nxd4 d6 6.Be3 Nf6 7.Qd2 Be7 8.f3 O-O
9.O-O-O Nxd4 10.Qxd4 e5 11.Qa4 a6 12.Bc4 Bd7 13.Qb3 b5 14.Bd5 Rc8 15.Rd2 Qc7
16.g4 Rb8 17.g5 b4 18.Nb5 Bxb5 19.gxf6 Bxf6 20.Qxb4 Rfc8 21.Qa3 a5 22.h4 a4
23.Bg5 Qe7 24.Rg1 Be8 25.Qe3 Bc6 26.Bxf6 Qxf6 27.Qg5 Qxg5 28.hxg5 a3 29.b3 Bxd5
30.Rxd5 Rc3 31.Rf1 Rbc8 32.Rf2 R8c6 33.Ra5 h5 34.gxh6 gxh6 35.Rxa3 Kg7 36.Kb2 h5
37.b4 R3c4 38.Rb3 Kg6 39.Rg2+ Kf6 40.a3 h4 41.Rd3 h3 42.Rh2 Kg5 43.Rdd2 Kh4
44.Rdg2 f5 45.Rg1 Rc3 46.Rf2 f4 47.b5 R6c5 48.b6 Re3 49.a4 Rc4 50.a5 Rb4+
51.Kc1 Ra3 52.Rg4+ Kh5 53.Rg7 Ra1+ 54.Kd2 Rd4+ 55.Kc3 Rxa5 56.Rh2 Ra3+ 57.Kb2 Rxf3
58.c3 Rg3 59.Rxg3 fxg3 60.Rxh3+ Kg4 61.Rxg3+  1-0

[Event "HUN-chop"]
[Site "Gyor"]
[Date "1990.??.??"]
[Round "1"]
[White "Petrienko, Vladimir"]
[Black "Sacchini, Michele"]
[Result "1-0"]
[WhiteElo "2440"]
[BlackElo "2215"]

1.e4 c5 2.Nc3 Nc6 3.Nf3 e6 4.d4 cxd4 5.Nxd4 Qc7 6.f4 a6 7.Nf3 Bb4 8.Bd3 Nf6
9.O-O O-O 10.e5 Bxc3 11.bxc3 Nd5 12.Ba3 f5 13.Bxf8 Kxf8 14.Qd2 b5 15.Bxf5 Qb6+
16.Rf2 Nce7 17.Be4 Bb7 18.Qd4 Bc6 19.a4 Rc8 20.Qxb6 Nxb6 21.Bxc6 dxc6 22.axb5 axb5
23.Ng5  1-0

[Event "HUN-chop"]
[Site "Gyor"]
[Date "1990.??.??"]
[Round "4"]
[White "Varga, Zalan"]
[Black "Horvath, Gyula"]
[Result "1-0"]
[WhiteElo "2250"]
[BlackElo "2425"]

1.e4 c5 2.Nf3 e6 3.d4 cxd4 4.Nxd4 Nc6 5.Nc3 Qc7 6.g3 a6 7.Bg2 Nf6 8.O-O Nxd4
9.Qxd4 Bc5 10.Bf4 d6 11.Qd2 h6 12.Rad1 e5 13.Be3 Ke7 14.Bxc5 Qxc5 15.Na4 Qc6
16.f4 Bg4 17.fxe5 dxe5 18.Qb4+ Ke8 19.Rd2 Rc8 20.h3 Bd7 21.Nb6 Rc7 22.Rfd1 Qe6
23.Rd6 Qe7 24.Qd2 Rg8 25.Kh2 g5 26.Rxf6 Qxf6 27.Nxd7 Qd8 28.Nxe5 Qxd2 29.Rxd2 Ke7
30.Ng4  1-0